CCNA Router and Switch eSIM /

Introducción en formato multimedia para la construcción, preparación, configuración, puesta en marcha y administración de redes de computadoras. El primer disco explica el funcionamiento de enrutadores y switches explicados con el simulador de redes eSIM; en el segundo, se plantean una serie de acti...

Täydet tiedot

Tallennettuna:
Bibliografiset tiedot
Aineistotyyppi: Elektroninen
Kieli:englanti
Julkaistu: San José, EUA : Cisco 2002, c2002
Aiheet:
Tagit: Lisää tagi
Ei tageja, Lisää ensimmäinen tagi!

MARC

LEADER 00000nmm^a2200000^a^4500
001 000136304
005 20250521000000.0
009 20260310095315.537
020 |a 1-58713-042-4 
037 |a Acervo ITESO - Biblioteca 
041 |a ING 
082 |a 621. 38217  |b CIS CCNA 2002-rou 
245 0 0 |a CCNA Router and Switch eSIM / 
264 4 |a San José, EUA :  |b Cisco  |c 2002, c2002 
300 |a 2 discos compactos de computadora 
336 |a datos para computadora  |b cod  |2 rdacontenido 
337 |a computadora  |b c  |2 rdamedio 
338 |a disco de computadora  |b cd  |2 rdasoporte 
520 |a Introducción en formato multimedia para la construcción, preparación, configuración, puesta en marcha y administración de redes de computadoras. El primer disco explica el funcionamiento de enrutadores y switches explicados con el simulador de redes eSIM; en el segundo, se plantean una serie de actividades de entrenamiento en el uso del simulador y las redes de computadoras. 
649 |a XX 
650 |a Ruteadores -  |x Tema Principal 
650 |a Transmisión de Datos 
650 |a Proceso Electrónico de Datos 
650 |a Protocolos de Comunicación 
650 |a Internet 
650 |a Redes de Computadoras -  |x Administración 
650 |a Comunicación en Red 
650 |a Sistemas de Telecomunicación 
650 |a Redes de Computadoras 
650 |a Telecomunicaciones 
650 |a Ingeniería Computacional 
650 |a Ingeniería Electrónica 
910 |a Fondo General 
920 |a Electrónicos - Recursos en Disco 
905 |a 207 
901 |a 0500184171  |b IT2  |c SWS  |u 20250521 
901 |a 0500184197  |b IT2  |c SWS  |u 20250521 
902 |a https://opac.biblio.iteso.mx/vufind/Record/000136304